| 000 | 00799nam a2200217Ia 4500 | ||
|---|---|---|---|
| 001 | 6984 | ||
| 003 | GE_BSU | ||
| 008 | 181216s||||||||xx |||||||||||||| ||und|| | ||
| 040 | _cGE_BSU | ||
| 080 | _a656.13+338 | ||
| 100 | _aАнисимов,А.П. Юфин,В.К. | ||
| 245 | _aЭкономика организация и планирование работы автомобильного транспорта. | ||
| 245 | _bУчебник. | ||
| 245 | _cРед. А.П.Седова. | ||
| 260 | _aМ. | ||
| 260 | _bТранспорт. | ||
| 260 | _c1980. | ||
| 300 | _a328стр. с илл. 22см. библиогр.:стр.325. | ||
| 653 | _aЭкономика организация и планирование работы автомобильного транспорта. | ||
| 942 | _cBK | ||
| 999 |
_c40376 _d40376 |
||